LEADER 03785nam0 2200565 i 450 001 BVEE020190 005 20170908093209.0 012 $ae.co loce o.o- coCo (3) 1524 (R)$2fei 100 $a20150803d1524 ||||0itac50 ba 101 | $aita$clat 102 $ait 181 1$6z01$ai $bxxxe 182 1$6z01$an 200 1 $a˜M. L. Vitruuio Pollione œDe architectura traducto di latino in uulgare dal vero exemplare con le figure a li soi loci con mirando ordine insignito: con la sua tabula alphabetica: per la quale potrai facilmente trouare la moltitudine de li vocabuli a li soi loci con summa diligentia expositi: ... 210 $d1524$eStampata in Venetia$gin le case de Ioanne Antonio & Piero fratelli da Sabio$h1524. Del mese di Martio 215 $a[22], 110 c.$cill.$d2º 300 $aRiferimenti: Edit 16 CNCE 32343 300 $aA cura di Francesco Lucio Durantino, il cui nome appare nella pref. a c. 2A2r 300 $aColophon a c. 2C6r 300 $aGot. ; gr. ; rom 300 $aSegn.: 2A-2B⁸ 2C⁶ A-N⁸ O⁶ 300 $aFront. in cornice stampato in rosso e nero 300 $a 316 $a1 v. - Legatura di restauro in pergamena rigida. - Contropiatti e controguardie di restauro. - Tagli spruzzati in rosso. - Ex libris Capone sul contropiatto ant. - Sul frontespizio timbro della Biblioteca di Giulio e Scipione Capone.$5IT-AV0007, SEZ. RARI C 108 317 $aProvenienza: *Biblioteca di Giulio e Scipione Capone. $5IT-AV0007 SEZ. RARI C 108 500 10$aDe architectura$3BVEE009090$9CFIV072607$918291 620 $dVenezia$3SBLL003553 700 0$aVitruvius Pollio$3CFIV072607$4070$08237 702 1$aDurantino$b, Francesco Lucio$3BVEV031102 712 02$aNicolini da Sabbio, Giovanni Antonio & Nicolini da Sabbio, Pietro$3BVEV018067$4650 712 02$aBiblioteca di Giulio e Scipione Capone$3NAPP000884$4320$5IT-AV0007 SEZ. RARI C 108 790 1$aDurantino$b, Francesco Lutio$3CFIV287547$zDurantino, Francesco Lucio 790 1$aVitruvio Pollione$b, Marco$3CFIV129017$zVitruvius Pollio 790 1$aVitruvio$b, M.$3CFIV131454$zVitruvius Pollio 790 0$aVitruve$3CFIV149701$zVitruvius Pollio 790 1$aVitruvius Pollio$b, Marcus$3CFIV149702$zVitruvius Pollio 790 0$aVitruvio Pollione$3CFIV201618$zVitruvius Pollio 790 0$aVitruvio$3CFIV212526$zVitruvius Pollio 790 0$aVitruvius$3CFIV315950$zVitruvius Pollio 790 1$aPollio$b, Marcus Vitruvius$3SBNV038371$zVitruvius Pollio 790 1$aVitruvius Pollio$b, Lucius$3SBNV038372$zVitruvius Pollio 791 02$aNicolini da Sabbio, Pietro & Nicolini da Sabbio, Giovanni Antonio$3BVEV018070$zNicolini da Sabbio, Giovanni Antonio & Nicolini da Sabbio, Pietro 791 02$aIoannesantonius, & Petrus fratres de Nicolinis de Savio$3CFIV314367$zNicolini da Sabbio, Giovanni Antonio & Nicolini da Sabbio, Pietro 801 3$aIT$bIT-NA0079$c20150803 850 $aIT-AV0007 912 $aBVEE020190 950 0$aBiblioteca provinciale Scipione e Giulio Capone$bun esemplare$d AVSEZ. RARI C 108$e AVDAA0000183425 C 1 v. - Legatura di restauro in pergamena rigida. - Contropiatti e controguardie di restauro. - Tagli spruzzati in rosso. - Ex libris Capone sul contropiatto ant. - Sul frontespizio timbro della Biblioteca di Giulio e Scipione Capone.$fC $h20150803$i20150803$lLegatura di restauro in pergamena rigida; Contropiatti e controguardie di restauro; Tagli spruzzati in rosso$mCaratteristiche materiali$lEx libris Capone sul contropiatto ant.$mEx libris$lSul frontespizio timbro della Biblioteca di Giulio e Scipione Capone.$mTimbri di enti laici e persone 977 $a AV 996 $aDe architectura$918291 997 $aUNISANNIO LEADER 01054nam 2200361Ka 450 001 9910695987303321 005 20070711134639.0 035 $a(CKB)5470000002373924 035 $a(OCoLC)154317755 035 $a(EXLCZ)995470000002373924 100 $a20070711d2006 ua 0 101 0 $aeng 181 $ctxt$2rdacontent 182 $cc$2rdamedia 183 $acr$2rdacarrier 200 00$aFentanyl$b[electronic resource] $esituation report 210 1$a[Johnstown, Pa.] :$cU.S. Dept. of Justice, National Drug Intelligence Center,$d[2006] 215 $a3 pages $cdigital, PDF file 300 $aTitle from title screen (viewed on July 11, 2007). 300 $a"June 5, 2006." 300 $a"SR-000001." 517 $aFentanyl 606 $aFentanyl 606 $aDrug abuse$zUnited States 615 0$aFentanyl. 615 0$aDrug abuse 712 02$aNational Drug Intelligence Center (U.S.) 801 0$bGPO 801 1$bGPO 906 $aBOOK 912 $a9910695987303321 996 $aFentanyl$93478658 997 $aUNINA